| 000 | 01158nam a2200313 i 4500 | ||
|---|---|---|---|
| 999 |
_c3453 _d3453 |
||
| 001 | ocm21901653 | ||
| 003 | OSt | ||
| 005 | 20240120155614.0 | ||
| 008 | 210211s2021 nyu j 000 1 eng | ||
| 020 | _a9780593301777 | ||
| 040 |
_aDLC _beng _erda _cDLC _dCaOL _dKH8 |
||
| 082 | _aFIC GRA | ||
| 100 | 1 |
_aGrabenstein, Chris, _eauthor. |
|
| 245 | 1 | 0 |
_aGenius Camp / _cChris Grabenstein. |
| 250 | _aFirst edition. | ||
| 264 | 1 |
_aNew York : _bRandom House, _c[2021] |
|
| 300 |
_a291 pages : _billustrations. |
||
| 336 |
_atext _btxt _2rdacontent. |
||
| 337 |
_aunmediated _bn _2rdamedia. |
||
| 338 |
_avolume _bnc _2rdacarrier. |
||
| 490 | 1 |
_aSmartest kid in the universe (Series) ; _v2. |
|
| 520 |
_a"Twelve-year-old Jake McQuade-the smartest kid in the universe-goes to a camp for geniuses, where he goes up against the Virtuoso quantum computer, the smartest machine in the universe"-- _cProvided by publisher. |
||
| 650 | 0 |
_aGenius _vJuvenile fiction. |
|
| 650 | 0 |
_aCamps _vJuvenile fiction. |
|
| 650 | 0 |
_aComputers _vJuvenile fiction. |
|
| 650 | 0 |
_aHumorous fiction. _2genre. |
|
| 830 | 0 |
_aSmartest kid in the universe (Series) ; _v2. |
|
| 942 |
_2ddc _cFIC |
||